Fascicles of Flora of India Fascicle 30 Apocynaceae: (Record no. 183074)

MARC details
000 -LEADER
fixed length control field 00654 a2200193 4500
005 - DATE AND TIME OF LATEST TRANSACTION
control field 20211216101412.0
010 ## - LCCN (DPL NO)
LC control number ENG-130346
020 ## - INTERNATIONAL STANDARD BOOK NUMBER
Terms of availability 940.00
International Standard Book Number 978-81-94991-311
035 ## - SYSTEM CONTROL NUMBER
System control number EN-113878
037 ## - SOURCE OF ACQUISITION
Source of stock number/acquisition DBAD / PUB
082 ## - DEWEY DECIMAL CLASSIFICATION NUMBER
Classification number 583.930954
100 ## - MAIN ENTRY--PERSONAL NAME
Personal name Datta, Anukul
245 ## - TITLE STATEMENT
Title Fascicles of Flora of India Fascicle 30 Apocynaceae:
Statement of responsibility, etc Anukul Data
250 ## - EDITION STATEMENT
Edition statement 2021
260 ## - PUBLICATION, DISTRIBUTION, ETC. (IMPRINT)
Name of publisher, distributor, etc The Director Botanical Survey of India
Date of publication, distribution, etc 2021
Place of publication, distribution, etc Kolkata
270 ## - ADDRESS
City Kolkata
Address CGO Complex 3rd MSO Building, Block-F, 5th & 6th Floor, DF-Block, Sector-I, Salt
Postal code 700064
300 ## - PHYSICAL DESCRIPTION
Extent 306p.
Dimensions 24cm (hbk)
942 ## - ADDED ENTRY ELEMENTS (KOHA)
Institution code [OBSOLETE] dpl
Item type English Books
Source of classification or shelving scheme Dewey Decimal Classification
Classification part 583.930954
Call number suffix DAT
Holdings
Withdrawn status Lost status Not for loan Collection code Home library Current library Date acquired Source of acquisition Cost, normal purchase price Full call number Barcode Copy number Cost, replacement price Koha item type
      Non-fiction Shahdara Branch Shahdara Branch 16/12/2021 DBAD/PUB 940.00 583.930954 DAT EN-113878 1 940.00 English Books

© Delhi Public Library
Hit Counter
free hit counter